| 000 | 00469nam a2200145Ia 4500 | ||
|---|---|---|---|
| 008 | 230917s9999||||xx |||||||||||||| ||und|| | ||
| 040 |
_e187055 _aMAIN |
||
| 041 | _aEnglish | ||
| 082 | _a301.426 I8N | ||
| 100 | _aInternational Institute for Population Sciences | ||
| 245 | 0 | _aNational family health survey (MCH and family planning): Himachal Pradesh 1992 | |
| 260 |
_aBombay _bInternational Institute for Population Sciencees _c1995 |
||
| 300 | _a286 p. | ||
| 942 | _cBK | ||
| 999 |
_c79760 _d79760 |
||